000 00471nam a2200181Ia 4500
999 _c6610
_d6610
008 200103s 1986 ||||xx |||||||||||||| ||und||
082 _a510.2462
_bGRE
100 _aGrewal, B. S.
245 0 _aHigher engineering mathematics
250 _a16th
260 _bKhanna Publishers
_c1986
_aDelhi
300 _a959p.
504 _a"Includes Index".
650 _aMatrices
650 _aLaplace Transforms
650 _aPlane motion of a rigid body
942 _cBK